Formule 1 - Associer les pilotes à leur écurie 2025 - Statistiques

Statistiques générales
  • Ce quiz a été pris 669 fois
    209 depuis la dernière actualisation
  • Le résultat moyen est 19 sur 23
Statistiques - réponses
Hint Réponse % Correct
Charles Leclerc Ferrari
94%
Pierre Gasly Alpine
91%
George Russell Mercedes
91%
Max Verstappen Redbull
91%
Lance Stroll Aston Martin
88%
Lewis Hamilton Ferrari
88%
Lando Norris McLaren
88%
Oscar Piastri McLaren
88%
Andrea Kimi Antonelli Mercedes
87%
Alex Albon Williams
86%
Fernando Alonso Aston Martin
84%
Ollie Bearman Haas
84%
Isack Hadjar Racing Bulls
84%
Gabriel Bortoleto Stake
84%
Carlos Sainz Williams
84%
Esteban Ocon Haas
82%
Yuki Tsunoda (depuis le Japon) Redbull
82%
Jack Doohan Alpine
81%
Nico Hülkenberg Stake
80%
Franco Colapinto Alpine
79%
Liam Lawson (depuis le Japon) Racing Bulls
79%
Yuki Tsunoda (Australie et Chine) Racing Bulls
73%
Liam Lawson (Australie et Chine) Redbull
62%
Aucun quiz correspondant
Distribution des résultats
% des personnes avec chaque résultat
Percentile par nombre de réponses
Votre historique - résultats
Vous n’avez pas pris ce quiz depuis la dernière actualisation